| Tag |
First Indicator |
Second Indicator |
Subfields |
| LEADER |
00000cam a2200000 4500 |
| 001 |
in00000099458 |
| 005 |
20150926125615.0 |
| 008 |
720310s1972 njua b 00110 eng |
| 010 |
|
|
|a 72167633
|
| 020 |
|
|
|a 013128603X
|c $17.95
|
| 035 |
|
|
|a (OCoLC)00287844
|
| 035 |
|
|
|9 AAL3879AM
|
| 040 |
|
|
|a DLC
|c DLC
|d TXA
|d UtOrBLW
|
| 049 |
|
|
|a TXAM
|c [1145667]
|
| 050 |
0 |
0 |
|a TP155
|b .B374
|
| 082 |
0 |
|
|a 660.2/9/69
|
| 100 |
1 |
|
|a Balzhiser, Richard E.
|
| 245 |
1 |
0 |
|a Chemical engineering thermodynamics ;
|b the study of energy, entropy, and equilibrium /
|c [by] Richard E. Balzhiser, Michael R. Samuels [and] John D. Eliassen.
|
| 264 |
|
1 |
|a Englewood Cliffs, N.J. :
|b Prentice-Hall,
|c [1972]
|
| 300 |
|
|
|a xv, 696 pages :
|b illustrations ;
|c 25 cm.
|
| 336 |
|
|
|a text
|b txt
|2 rdacontent
|
| 337 |
|
|
|a unmediated
|b n
|2 rdamedia
|
| 338 |
|
|
|a volume
|b nc
|2 rdacarrier
|
| 490 |
1 |
|
|a Prentice-Hall international series in the physical and chemical engineering sciences
|
| 504 |
|
|
|a Includes bibliographical references.
|
| 650 |
|
0 |
|a Chemical engineering.
|
| 650 |
|
0 |
|a Thermodynamics.
|
| 700 |
1 |
|
|a Samuels, Michael R.
|
| 700 |
1 |
|
|a Eliassen, John D.
|
| 830 |
|
0 |
|a Prentice-Hall international series in the physical and chemical engineering sciences.
|
| 999 |
|
|
|a MARS
|
| 999 |
f |
f |
|s 988f8198-8b5c-3ca1-91f6-744c615e3759
|i bc6b4cfd-4e81-3432-9b8d-c19803145062
|t 0
|
| 952 |
f |
f |
|p normal
|a Texas A&M University
|b College Station
|c Sterling C. Evans Library
|d Evans: Library Stacks
|t 0
|e TP155 .B374
|h Library of Congress classification
|i unmediated -- volume
|m A14805596281
|
| 998 |
f |
f |
|a TP155 .B374
|t 0
|l Evans: Library Stacks
|